000
00252nam a22001217a 4500
008
170502b xxu||||| |||| 00| 0 eng d
041
_a
eng
080
_a
34
100
_a
14
101
_a
shj
245
_a
PROOF OF FACTS
_c
WINN, D.A
942
_2
udc
_c
BK
999
_c
12382
_d
12382